000 00410nam a2200133Ia 4500
008 210430s9999 xx 000 0 und d
020 _a81-239-1487-3
082 _a660.2842 N2181 U
100 _aC.M.Narayanan
_954321
245 _aUnit Operations and Unit Processes Including Computer Programs volum 2
_cC.M.Narayanan
260 _aNew Delhi
_bSatish Kumar Jain
_c2007
300 _a1788 p
942 _cBK
_2ddc
999 _c564877
_d564877